| 000 -LEADER |
| fixed length control field |
00703nam a2200253Ia 4500 |
| 001 - CONTROL NUMBER |
| control field |
18447 |
| 003 - CONTROL NUMBER IDENTIFIER |
| control field |
GE_BSU |
| 008 - FIXED-LENGTH DATA ELEMENTS--GENERAL INFORMATION |
| fixed length control field |
181216s||||||||xx |||||||||||||| ||und|| |
| 020 ## - INTERNATIONAL STANDARD BOOK NUMBER |
| International Standard Book Number |
9780273777694 |
| 040 ## - CATALOGING SOURCE |
| Transcribing agency |
GE_BSU |
| 080 ## - UNIVERSAL DECIMAL CLASSIFICATION NUMBER |
| Universal Decimal Classification number |
658 |
| 100 ## - MAIN ENTRY--PERSONAL NAME |
| Personal name |
Purkiss, John. Royston-Lee, David |
| 245 ## - TITLE STATEMENT |
| Title |
Brand you:Turn your unique talens into a winning formula |
| 245 ## - TITLE STATEMENT |
| Remainder of title |
Turn your unique talens into a winning formula |
| 250 ## - EDITION STATEMENT |
| Edition statement |
Second edition |
| 260 ## - PUBLICATION, DISTRIBUTION, ETC. |
| Place of publication, distribution, etc. |
Harlow |
| 260 ## - PUBLICATION, DISTRIBUTION, ETC. |
| Name of publisher, distributor, etc. |
Pearson |
| 260 ## - PUBLICATION, DISTRIBUTION, ETC. |
| Date of publication, distribution, etc. |
2009 |
| 300 ## - PHYSICAL DESCRIPTION |
| Extent |
246p. 22cm. |
| 653 ## - INDEX TERM--UNCONTROLLED |
| Uncontrolled term |
Brand you |
| 653 ## - INDEX TERM--UNCONTROLLED |
| Uncontrolled term |
Turn your unique talens into a winning formula |
| 653 ## - INDEX TERM--UNCONTROLLED |
| Uncontrolled term |
წარმოების მართვა |
| 942 ## - ADDED ENTRY ELEMENTS (KOHA) |
| Koha item type |
წიგნი |